Larynx - Statistics

General Stats
  • This quiz has been taken 5 times
  • The average score is 6 of 15
Answer Stats
Hint Answer % Correct
The anterior most part of the artenoid cartillage is elongated to form what process? Vocal
100%
What folds seperate the larygeal inlet into supraglottic and infraglottic parts, by forming the glottis? Vocal
100%
What is the only complete cartilagenous ring in the respiratory tract? Cricoid
67%
Which 3D shape do the arytenoid cartillages resemble? Pyramid
67%
What is the name or the membarne that connects the superior part of the previous structure with the hyoid bone? Thyrohyoid
67%
What is the general term for thelaryngeal prominence? Which is made by the anterior fusion of the tracheal plates. Adam's apple
33%
What is the name given to the two flat pentagonal plates that make up the thyroid cartillage? Laminae
33%
What is the name given to the fossae inferior to hte lateral folds? Piriform
33%
What is the name given to the space between the two folds known as? Rima glottidis
33%
What is the name given to the depressions either side of the median fold? Valleculae
33%
The base of the arytenoid cartillage artivulates with the sloping shoulder on the cricoid lamina it is a synovial joint that allows two key movements rotary and what other? Gliding
0%
What is the name given to the three longitudinal ridges, formed by the reflected mucous membrane from the epiglottis onto the tongue? Glosso-epiglottic
0%
What is the name for the broad fibroelastic membrane that extends between the epiglottis and arytenoid cartillages? Quadrangular
0%
What is the name given to the upwards projection at the back of the tracheal catillage? Superior horn
0%
What is the name given to the superior folds beneath whic the ventricles are found? Vestibular
0%
No matching quizzes found
Score Distribution
Percent of People with Each Score
Percentile by Number Answered
Your Score History
You have not taken this quiz